000 00481nam a22001817a 4500
003 MPLRDC
005 20220104124243.0
008 210129b ||||| |||| 00| 0 eng d
020 _a7-80551-128-4
082 _a784.18 DIA-2
100 _a拉尔夫G.马丁
245 _a皇家情侣: 查尔斯与黛安娜
_c赵兴国 等译
250 _a一版一刷
260 _a
_b山东友谊书社
_c1988
300 _b
650 _a英国名人传记
942 _cBK
_o784.18 DIA-2
999 _c17867
_d17857